| 000 | 01071cam0a220027700 4500 | ||
|---|---|---|---|
| 001 | lce00133530 | ||
| 008 | 760904r19761960ctu b 001 0 eng | ||
| 010 | _a 76043335 //r87 | ||
| 020 | _a0837192900 | ||
| 035 | _a(Sirsi) r78510 | ||
| 035 | _a(DLC) 76043335 //r87 | ||
| 035 | _a(UPRA)lce00133530 | ||
| 043 | _ae-uk--- | ||
| 050 | 1 |
_aDA 125.N4 Ban 1976 _b. |
|
| 082 | _a301.45/1/0420941 | ||
| 100 | 1 |
_aBanton, Michael P. _6A37951.1 |
|
| 245 | 1 | 0 |
_aWhite and coloured : _bthe behavior of British people towards coloured immigrants / _cby Michael Banton. |
| 260 |
_aWestport, Conn. : _bGreenwood Press, _c1976, c1959. |
||
| 500 | _aReprint of the 1960 ed. published by Rutgers University Press, New Brunswick, N.J. | ||
| 500 | _aIncludes index. | ||
| 504 | _aBibliography: p. 217-218. | ||
| 650 | 0 |
_aBlacks -- Great Britain. _zBlacks -- Great Britain. _6S30082.1 |
|
| 651 | 0 |
_aGreat Britain -- Race relations. _xGreat Britain -- Race relations. _6S30080.1 |
|
| 949 |
_aDA 125.N4 Ban 1976 _wlcc _c 1 _i33729000036785 _mMAIN _p2500 _tBOOK _lON-SHELF |
||
| 004 | 78510 | ||
| 999 |
_c66739 _d66739 |
||